[Event "Scottish International Open"]
[Site "Edinburgh, Scotland"]
[Date "2015.07.12"]
[Round "3"]
[White "D'Costa, Leston"]
[Black "Durno, Joy"]
[Result "0-1"]
[WhiteElo "1515"]
[BlackElo "1886"]
[PlyCount "128"]
[EventDate "2015.??.??"]
[Source "ChessScotland"]
[SourceDate "2015.07.19"]

1. e4 c5 2. Nc3 Nc6 3. f4 g6 4. Nf3 Bg7 5. Bb5 Nd4 6. O-O Nxb5 7. Nxb5 d5 8.
exd5 a6 9. Nc3 Nf6 10. d4 c4 11. Ne5 b5 12. Nc6 Qd7 13. Re1 Bf8 14. Qf3 Bb7 15.
Ne5 Qd6 16. a3 Bxd5 17. Nxd5 Qxd5 18. Qxd5 Nxd5 19. Bd2 Rc8 20. c3 f6 21. Ng4
Kf7 22. a4 h5 23. Ne3 Nxf4 24. axb5 axb5 25. Ra5 Nd3 26. Rb1 Rb8 27. Nd5 Rb7
28. b3 e6 29. Ne3 cxb3 30. Rxb3 Rc7 31. Raxb5 Bh6 32. Rb7 Rhc8 33. Nc4 Bf8 34.
g3 g5 35. Na5 Rxb7 36. Rxb7+ Kg6 37. Rb3 Ra8 38. c4 Nc1 39. Bxc1 Rxa5 40. Bb2
Ra4 41. c5 Rc4 42. Rb6 e5 43. Ra6 exd4 44. c6 Bd6 45. Kf1 Be5 46. Rb6 Kf5 47.
Rb5 Ke4 48. Rb6 Bc7 49. Ra6 Rc2 50. Ba3 Kf3 51. Ra4 Be5 52. Rb4 Rxc6 53. Rb1
Rc2 54. Kg1 Kg4 55. Re1 Kh3 56. Bc1 Rg2+ 57. Kf1 Rxh2 58. Kg1 Rg2+ 59. Kf1 Rxg3
60. Kf2 Rc3 61. Rh1+ Kg4 62. Rg1+ Kf5 63. Ke2 Bf4 64. Rf1 Rxc1 0-1

[Event "Scottish International Open"]
[Site "Edinburgh, Scotland"]
[Date "2015.07.12"]
[Round "3"]
[White "Rubio, Luis"]
[Black "Smith, Rachel"]
[Result "1-0"]
[WhiteElo "1826"]
[BlackElo "1316"]
[PlyCount "140"]
[EventDate "2015.??.??"]
[Source "ChessScotland"]
[SourceDate "2015.07.19"]

1. e4 d5 2. exd5 Qxd5 3. Nc3 Qd8 4. d4 Nf6 5. Bd3 Bg4 6. f3 Bd7 7. Nge2 e6 8.
O-O Be7 9. Ne4 Nxe4 10. fxe4 O-O 11. c3 c5 12. Kh1 Nc6 13. Be3 cxd4 14. cxd4
Qb6 15. Qd2 Qb4 16. Nc3 Nxd4 17. a3 Qd6 18. Rad1 e5 19. Qf2 Rad8 20. Bb1 Bg4
21. Rd3 Qf6 22. Qe1 Qh4 23. Bf2 Qh5 24. h3 Bg5 25. Rg3 Nf3 26. Qe2 Nd2 27. Qxg4
Qxg4 28. Rxg4 Nxf1 29. Rxg5 f6 30. Ba2+ Kh8 31. Rg4 b6 32. Kg1 Nd2 33. Bd5 f5
34. exf5 Rxf5 35. Be6 Rf6 36. Ba2 Re8 37. Be3 Rd6 38. Bd5 Nb1 39. Bf3 Nxc3 40.
bxc3 Rd3 41. Re4 Rxc3 42. a4 Rb3 43. Bh5 g6 44. Bg4 Kg7 45. Bd7 Re7 46. Bb5 h6
47. Bf4 Kf6 48. Bxh6 g5 49. Rg4 Rh7 50. Bxg5+ Kf5 51. Bd8 e4 52. Rg5+ Kf4 53.
Rg4+ Ke3 54. Bg5+ Kd4 55. Bc6 Rb1+ 56. Kh2 Re1 57. Bf6+ Kd3 58. Bh4 Rxh4 59.
Rxh4 e3 60. Bb5+ Kd2 61. Re4 Rc1 62. g4 Rc5 63. h4 a5 64. Kg3 e2 65. Rxe2+ Kc3
66. g5 Rd5 67. g6 Rd6 68. h5 Rd8 69. Kf4 Rg8 70. Kg5 Kd4 1-0

[Event "Scottish International Open"]
[Site "Edinburgh, Scotland"]
[Date "2015.07.12"]
[Round "3"]
[White "Forbes, Alistair"]
[Black "Paul, Rabindra"]
[Result "0-1"]
[WhiteElo "1418"]
[BlackElo "1822"]
[PlyCount "92"]
[EventDate "2015.??.??"]
[Source "ChessScotland"]
[SourceDate "2015.07.19"]

1. Nf3 g6 2. c4 c5 3. Nc3 Bg7 4. b3 d6 5. Bb2 Nc6 6. g3 e5 7. d3 Nge7 8. Bg2
O-O 9. O-O h6 10. Rc1 Be6 11. Nd2 Qd7 12. Re1 f5 13. e3 Rf7 14. Ndb1 Raf8 15.
Nd5 g5 16. f4 g4 17. Nbc3 Ng6 18. Nb5 Qd8 19. Qe2 a6 20. Nbc3 Re8 21. Qd2 Qb8
22. Nb6 Bf6 23. Ncd5 Bd8 24. h3 Qa7 25. Na4 Bd7 26. e4 b5 27. Nac3 b4 28. Ne2
h5 29. fxe5 Ncxe5 30. hxg4 fxg4 31. Rf1 Nf3+ 32. Bxf3 gxf3 33. Nef4 Ne5 34.
Bxe5 dxe5 35. Nxh5 Bg4 36. Qh6 Re6 37. Qe3 Bxh5 38. Rf2 Rg7 39. Kh2 Bg5 40. Qe1
Bxc1 41. Qxc1 Rh7 42. Qg5+ Bg6+ 43. Kg1 Qf7 44. Qd8+ Qf8 45. Qg5 Qh6 46. Qd8+
Be8 0-1

[Event "Scottish International Open"]
[Site "Edinburgh, Scotland"]
[Date "2015.07.12"]
[Round "3"]
[White "Smith, Stephen H"]
[Black "McKay, Jonathan"]
[Result "1-0"]
[WhiteElo "1803"]
[BlackElo "1053"]
[PlyCount "109"]
[EventDate "2015.??.??"]
[Source "ChessScotland"]
[SourceDate "2015.07.19"]

1. e4 c5 2. Nf3 d6 3. d4 Nf6 4. Nc3 cxd4 5. Nxd4 g6 6. Be3 Bg7 7. Be2 O-O 8.
O-O Nc6 9. Kh1 Nxd4 10. Bxd4 Be6 11. f4 Qa5 12. Bf3 Rfc8 13. Re1 Rd8 14. g4 Nd7
15. f5 Ne5 16. fxe6 Nxf3 17. exf7+ Kxf7 18. Qxf3+ Kg8 19. Bxg7 Kxg7 20. Nd5 Rf8
21. Qc3+ Qxc3 22. Nxc3 e5 23. Rf1 Rfd8 24. Rf2 Rd7 25. Raf1 Rb8 26. Nd5 b5 27.
c3 Rdb7 28. Rf6 Rd8 29. Re6 Rbd7 30. Rff6 Kh8 31. Nb4 Ra8 32. Rxd6 Rb7 33. Rfe6
a5 34. Nd5 b4 35. c4 a4 36. Rxe5 Rc8 37. Ne3 Rf7 38. Red5 Rf3 39. Rd8+ Rxd8 40.
Rxd8+ Kg7 41. Nd5 Rf2 42. Nxb4 Rxb2 43. a3 Rb3 44. Rd3 Kf7 45. Rxb3 axb3 46.
Nd3 Ke6 47. Kg2 g5 48. Kf3 Kd6 49. e5+ Ke6 50. Ke4 Ke7 51. a4 Kd7 52. a5 Kc7
53. a6 Kb6 54. e6 Kxa6 55. e7 1-0

[Event "Scottish International Open"]
[Site "Edinburgh, Scotland"]
[Date "2015.07.12"]
[Round "3"]
[White "Doris, Peter"]
[Black "Irving, Neil"]
[Result "0-1"]
[WhiteElo "1256"]
[BlackElo "1801"]
[PlyCount "56"]
[EventDate "2015.??.??"]
[Source "ChessScotland"]
[SourceDate "2015.07.19"]

1. d4 d5 2. Nf3 Nf6 3. Nc3 Bf5 4. Bf4 e6 5. e3 Be7 6. Be2 O-O 7. O-O c5 8. Nb5
Nc6 9. c4 Rc8 10. Rc1 a6 11. Nc3 cxd4 12. exd4 dxc4 13. Bxc4 b5 14. Bb3 Na5 15.
Bc2 Bxc2 16. Rxc2 Nc4 17. Re2 Nxb2 18. Qb3 Nc4 19. Rd1 Na5 20. Qb2 Nc4 21. Qb3
Nd5 22. Nxd5 Qxd5 23. Ne5 Rfd8 24. Qg3 Bf6 25. Nxc4 Rxc4 26. Red2 Rdc8 27. Be5
Bxe5 28. dxe5 Qxd2 0-1

[Event "Scottish International Open"]
[Site "Edinburgh, Scotland"]
[Date "2015.07.12"]
[Round "3"]
[White "McGillivray, Calum"]
[Black "Pannwitz, Kai"]
[Result "0-1"]
[WhiteElo "1589"]
[BlackElo "1797"]
[PlyCount "56"]
[EventDate "2015.??.??"]
[Source "ChessScotland"]
[SourceDate "2015.07.19"]

1. e4 c5 2. f4 Nc6 3. Nf3 g6 4. d3 Bg7 5. c3 d5 6. exd5 Qxd5 7. Be2 Nh6 8. O-O
Nf5 9. Na3 O-O 10. Nc4 Rd8 11. Ne3 Qd6 12. Nxf5 Bxf5 13. Ne1 b5 14. Be3 b4 15.
Qd2 a5 16. Rd1 a4 17. cxb4 Nxb4 18. Bf3 Rab8 19. b3 axb3 20. axb3 Nxd3 21. Qa5
Bd4 22. Nc2 Bxe3+ 23. Nxe3 Qd4 24. Rfe1 Rd6 25. g4 Re6 26. gxf5 Rxe3 27. Rf1
Rxf3+ 28. Kg2 Rf2+ 0-1

[Event "Scottish International Open"]
[Site "Edinburgh, Scotland"]
[Date "2015.07.12"]
[Round "3"]
[White "Armaan, Jal Gala"]
[Black "Palaniswamy, Raja S"]
[Result "0-1"]
[WhiteElo "1551"]
[BlackElo "2034"]
[PlyCount "42"]
[EventDate "2015.??.??"]
[Source "ChessScotland"]
[SourceDate "2015.07.19"]

1. d4 Nf6 2. Nf3 d6 3. e3 Nbd7 4. Bd3 e5 5. Nbd2 Qe7 6. Ne4 d5 7. Nxf6+ gxf6 8.
Bf5 c6 9. b3 Nb6 10. Nh4 Bxf5 11. Nxf5 Qd7 12. g4 h5 13. Bb2 e4 14. f3 O-O-O
15. fxe4 hxg4 16. Qxg4 Rg8 17. Ne7+ Bxe7 18. Qxd7+ Rxd7 19. exd5 Nxd5 20. Kd2
Rg2+ 21. Kd3 Nb4+ 0-1

[Event "Scottish International Open"]
[Site "Edinburgh, Scotland"]
[Date "2015.07.12"]
[Round "3"]
[White "Stevenson, Jim"]
[Black "Hartman, James"]
[Result "1-0"]
[WhiteElo "2028"]
[BlackElo "1003"]
[PlyCount "63"]
[EventDate "2015.??.??"]
[Source "ChessScotland"]
[SourceDate "2015.07.19"]

1. c4 e5 2. g3 Nc6 3. Bg2 Bc5 4. Nc3 Nf6 5. e3 O-O 6. Nge2 Re8 7. O-O d6 8. a3
a5 9. Qc2 Be6 10. Nd5 Bxd5 11. cxd5 Ne7 12. Nc3 Ng6 13. d3 Qe7 14. Bd2 Rac8 15.
Bh3 Rb8 16. Rac1 Bb6 17. e4 Ra8 18. Na4 Bc5 19. Nxc5 dxc5 20. Qxc5 Qxc5 21.
Rxc5 Re7 22. Rfc1 Ne8 23. Rxa5 Rxa5 24. Bxa5 b6 25. Bb4 Nd6 26. Bxd6 cxd6 27.
Rc6 Rb7 28. Rxd6 h6 29. Rd8+ Kh7 30. Bf5 f6 31. g4 b5 32. h4 1-0

[Event "Scottish International Open"]
[Site "Edinburgh, Scotland"]
[Date "2015.07.12"]
[Round "3"]
[White "Ridge, Michael"]
[Black "Connolly Sams, Dietah"]
[Result "1-0"]
[WhiteElo "1917"]
[BlackElo "829"]
[PlyCount "32"]
[EventDate "2015.??.??"]
[Source "ChessScotland"]
[SourceDate "2015.07.19"]

1. Nf3 d5 2. g3 Nc6 3. Bg2 Nf6 4. O-O g6 5. c4 Bg7 6. cxd5 Nxd5 7. Nc3 O-O 8.
Qb3 Be6 9. Qxb7 Qd7 10. Qa6 Rab8 11. Ng5 Rb6 12. Qa4 Rb4 13. Qd1 Nxc3 14. bxc3
Rb6 15. Nxe6 Qxe6 16. d4 Rd8 {Unable to read scoresheet} 1-0

[Event "Scottish International Open"]
[Site "Edinburgh, Scotland"]
[Date "2015.07.12"]
[Round "3"]
[White "Smith, Sarah"]
[Black "Aitchison, A Keith"]
[Result "1/2-1/2"]
[WhiteElo "888"]
[BlackElo "1837"]
[PlyCount "114"]
[EventDate "2015.??.??"]
[Source "ChessScotland"]
[SourceDate "2015.07.19"]

1. f4 d5 2. Nf3 Nf6 3. e3 e6 4. b3 c5 5. Bb2 Nc6 6. Bb5 Be7 7. Bxc6+ bxc6 8. d3
Ng4 9. Qe2 Bf6 10. Bxf6 Qxf6 11. c3 h5 12. O-O Ba6 13. h3 Nh6 14. Ne5 Nf5 15.
Qf2 Rc8 16. Nd2 h4 17. Rfe1 Nd6 18. c4 Bb7 19. Rad1 Nf5 20. Nf1 Rc7 21. Re2 Rg8
22. Nf3 Re7 23. Rc2 Rc7 24. Ng5 Rh8 25. Rcd2 Rh6 26. Nh2 Qe7 27. Ng4 Rh5 28.
Ne5 f6 29. Ng6 Qd7 30. Nf3 Qf7 31. Nfxh4 Nxh4 32. Nxh4 g5 33. fxg5 Rxg5 34. e4
d4 35. Rf1 f5 36. exf5 e5 37. Re2 Qf6 38. Ng6 Rh7 39. Rxe5+ Kd7 40. Re6 Qd8 41.
Kh1 Kc7 42. Qf4+ Kb6 43. Ne5 Rgh5 44. f6 Qf8 45. f7 Bc8 46. Re8 Rxh3+ 47. gxh3
Rxh3+ 48. Kg2 Qg7+ 49. Kf2 Qh7 50. f8=Q Rh2+ 51. Qxh2 Qxh2+ 52. Ke1 Qc2 53. Qf6
Qc1+ 54. Kf2 Qe3+ 55. Kg2 Qh3+ 56. Kg1 Qg3+ 57. Kh1 Qh3+ 1/2-1/2

[Event "Scottish International Open"]
[Site "Edinburgh, Scotland"]
[Date "2015.07.12"]
[Round "3"]
[White "Stuart, Joseph Maxwell"]
[Black "Zamvar, Vipin"]
[Result "0-1"]
[WhiteElo "1210"]
[BlackElo "1622"]
[PlyCount "66"]
[EventDate "2015.??.??"]
[Source "ChessScotland"]
[SourceDate "2015.07.19"]

1. c4 Nf6 2. d4 g6 3. Nc3 d5 4. cxd5 Nxd5 5. e3 Nxc3 6. bxc3 Bg7 7. Nf3 O-O 8.
Be2 c5 9. O-O cxd4 10. cxd4 b6 11. Rb1 Bb7 12. a4 Qc7 13. Ba3 Rd8 14. Qb3 Ba6
15. Bxa6 Nxa6 16. Ng5 e6 17. Rfc1 Qd7 18. Qc4 Qb7 19. a5 Rac8 20. Qb3 Rxc1+ 21.
Rxc1 b5 22. Rb1 Nc7 23. Rc1 a6 24. Bc5 Nd5 25. Bb4 Nxb4 26. Qxb4 Rc8 27. Rxc8+
Qxc8 28. Qc5 Qxc5 29. dxc5 Bc3 30. c6 Bxa5 31. Ne4 Bc7 32. Nc5 b4 33. Nxa6 b3
0-1

[Event "Scottish International Open"]
[Site "Edinburgh, Scotland"]
[Date "2015.07.12"]
[Round "3"]
[White "Pearson, Walter"]
[Black "Volland, Ben"]
[Result "0-1"]
[WhiteElo "1623"]
[BlackElo "1543"]
[PlyCount "42"]
[EventDate "2015.??.??"]
[Source "ChessScotland"]
[SourceDate "2015.07.19"]

1. e4 e5 2. Nc3 Nc6 3. Bc4 Nf6 4. Qe2 Bc5 5. h3 d6 6. a3 Nd4 7. Qd3 Be6 8. Bxe6
fxe6 9. b4 Bb6 10. Na4 Nh5 11. Ne2 Nxe2 12. Qxe2 Nf4 13. Qf1 O-O 14. Nxb6 cxb6
15. g3 Nh5 16. Qd3 Qf6 17. O-O Qg6 18. Bb2 Nf4 19. Qxd6 Nxh3+ 20. Kh2 Nxf2 21.
Bxe5 Qh6+ 0-1

[Event "Scottish International Open"]
[Site "Edinburgh, Scotland"]
[Date "2015.07.12"]
[Round "3"]
[White "Berera, Siddharth"]
[Black "Birkett, Richard"]
[Result "0-1"]
[WhiteElo "1457"]
[BlackElo "2058"]
[PlyCount "57"]
[EventDate "2015.??.??"]
[Source "ChessScotland"]
[SourceDate "2015.07.19"]

1. d4 d5 2. Nf3 c6 3. Bf4 Nf6 4. Nbd2 Nbd7 5. c3 e6 6. h3 Be7 7. e3 O-O 8. Bd3
b6 9. Ne5 Bb7 10. g4 c5 11. g5 Nxe5 12. Bxe5 Ne4 13. h4 f6 14. Bxe4 dxe4 15.
gxf6 gxf6 16. Bf4 Kh8 17. Qh5 cxd4 18. cxd4 Rc8 19. Kd1 e5 20. Bh6 Rg8 21. Rc1
Rxc1+ 22. Kxc1 exd4 23. exd4 e3 24. Nf3 Be4 25. Bxe3 Qc8+ 26. Kd1 Qc2+ 27. Ke1
Qb1+ 28. Kd2 Bb4+ 29. Ke2 0-1

[Event "Scottish International Open"]
[Site "Edinburgh, Scotland"]
[Date "2015.07.12"]
[Round "3"]
[White "O`Neil, Jim"]
[Black "Smith, Mark J"]
[Result "1-0"]
[WhiteElo "1967"]
[BlackElo "1440"]
[PlyCount "95"]
[EventDate "2015.??.??"]
[Source "ChessScotland"]
[SourceDate "2015.07.19"]

1. e4 e5 2. Nf3 Nc6 3. d4 exd4 4. Bc4 Bc5 5. c3 dxc3 6. Bxf7+ Kxf7 7. Qd5+ Ke8
8. Qh5+ g6 9. Qxc5 d6 10. Qxc3 Qf6 11. Bg5 Qxc3+ 12. Nxc3 Bg4 13. Nd5 Kd7 14.
O-O-O h6 15. Bf4 g5 16. Bg3 Bxf3 17. gxf3 Rf8 18. Nxc7 Rxf3 19. Nb5 Ke7 20.
Nxd6 Nf6 21. Nxb7 Rc8 22. Nd6 Rd8 23. Nf5+ Ke8 24. Rxd8+ Nxd8 25. Nxh6 Kf8 26.
e5 Ne4 27. Ng4 Ne6 28. Rd1 Nxg3 29. hxg3 Kg7 30. Rd7+ Kg6 31. Rd6 Kf5 32. Ne3+
Kxe5 33. Nc4+ Kf5 34. Rd2 g4 35. Ne3+ Ke4 36. Nxg4 Ng5 37. Kd1 Rf7 38. Nh2 Nh3
39. Ke1 Rc7 40. Ke2 Ng1+ 41. Kf1 Nf3 42. Nxf3 Kxf3 43. Rd3+ Kg4 44. Kg2 Rc2 45.
Rb3 a5 46. Rb5 Rd2 47. Rxa5 Rxb2 48. a4 1-0

[Event "Scottish International Open"]
[Site "Edinburgh, Scotland"]
[Date "2015.07.13"]
[Round "3"]
[White "Giacometto, Mario"]
[Black "Connolly Sams, Lukah"]
[Result "1-0"]
[WhiteElo "1952"]
[BlackElo "1345"]
[PlyCount "123"]
[EventDate "2015.??.??"]
[Source "ChessScotland"]
[SourceDate "2015.07.19"]

1. e4 e6 2. d4 d5 3. e5 c5 4. c3 Nc6 5. Nf3 Bd7 6. Bd3 Qb6 7. O-O Nge7 8. dxc5
Qc7 9. Re1 Ng6 10. b4 a6 11. Qe2 Be7 12. Nbd2 a5 13. b5 Nd8 14. Nb3 a4 15. Nbd4
Qxc5 16. Be3 Qxc3 17. Rec1 Qa5 18. g3 Ba3 19. Rc2 O-O 20. Rb1 b6 21. Rc7 Ra7
22. Bd2 Rxc7 23. Bxa5 bxa5 24. Bc2 Bc5 25. Bxa4 Bxd4 26. Nxd4 Rc4 27. Qd1 Nxe5
28. Bb3 Rc5 29. a4 Nb7 30. Rc1 Rfc8 31. Rxc5 Rxc5 32. Kg2 Nd6 33. h4 h6 34. Qe1
Nec4 35. Bd1 e5 36. Nb3 Rc8 37. Nxa5 d4 38. Nxc4 Nxc4 39. Bb3 f6 40. Qe4 Be6
41. b6 Kf8 42. b7 Rd8 43. Qc6 Na5 44. Qxe6 Nxb3 45. Qc8 Rxc8 46. bxc8=Q+ Kf7
47. Qb7+ Kg6 48. Qxb3 Kf5 49. Qd5 g5 50. h5 g4 51. f3 gxf3+ 52. Kxf3 d3 53.
Qxd3+ Ke6 54. g4 e4+ 55. Kxe4 f5+ 56. gxf5+ Kf6 57. Qg3 Kf7 58. Qg6+ Kf8 59.
Qh7 Ke8 60. Ke5 Kd8 61. Kd6 Kc8 62. Qc7# 1-0

[Event "Scottish International Open"]
[Site "Edinburgh, Scotland"]
[Date "2015.07.13"]
[Round "3"]
[White "Hope, Iain"]
[Black "Oxener, Aldo"]
[Result "0-1"]
[WhiteElo "1349"]
[BlackElo "1545"]
[PlyCount "72"]
[EventDate "2015.??.??"]
[Source "ChessScotland"]
[SourceDate "2015.07.19"]

1. d4 Nf6 2. c4 g6 3. Nc3 d5 4. cxd5 Nxd5 5. e4 Nb6 6. Be3 Bg7 7. Nf3 O-O 8. h3
Nc6 9. Be2 Na5 10. b3 c5 11. Rc1 c4 12. Nb1 cxb3 13. axb3 Qd6 14. O-O Bd7 15.
Nbd2 Rfc8 16. Ra1 Qb4 17. Rc1 Rxc1 18. Qxc1 Nxb3 19. Qb2 Be6 20. Rb1 Na4 21.
Qc2 Nc3 22. Rxb3 Nxe2+ 23. Kf1 Bxb3 24. Nxb3 Nc3 25. Bd2 Qb5+ 26. Kg1 Nxe4 27.
Qxe4 Qxb3 28. Qxe7 a5 29. Qc5 a4 30. d5 a3 31. Kh2 a2 32. Nd4 Qb1 33. Bc3 Be5+
34. g3 Qf1 35. Nf3 Bxc3 36. Qxc3 a1=Q 0-1

[Event "Scottish International Open"]
[Site "Edinburgh, Scotland"]
[Date "2015.07.13"]
[Round "3"]
[White "Smith, Callum"]
[Black "Hegde, Stuthi"]
[Result "1-0"]
[WhiteElo "1543"]
[BlackElo "1241"]
[PlyCount "97"]
[EventDate "2015.??.??"]
[Source "ChessScotland"]
[SourceDate "2015.07.19"]

1. e4 c5 2. c3 d5 3. exd5 Qxd5 4. d4 Nf6 5. Nf3 Bg4 6. Nbd2 Nc6 7. Bc4 Bxf3 8.
Qb3 Na5 9. Qb5+ Qd7 10. Nxf3 Nxc4 11. Qxc4 e6 12. dxc5 Qd5 13. Qxd5 Nxd5 14. b4
Nxc3 15. Bb2 Nd5 16. a3 a5 17. O-O f6 18. Nd4 Kf7 19. Nc2 Be7 20. Bd4 e5 21.
Be3 Rhc8 22. Rfd1 Ke6 23. Rdc1 Rc7 24. Kf1 Rcc8 25. Bd2 b6 26. cxb6 Nxb6 27.
Ne3 axb4 28. axb4 Rxc1+ 29. Rxc1 Rc8 30. Rxc8 Nxc8 31. Ke2 Nb6 32. Kd3 Nd5 33.
Ke4 Nc7 34. b5 Kd7 35. Nd5 Nxd5 36. Kxd5 Bd6 37. Ba5 Bb8 38. Bb4 f5 39. g3 g5
40. Bc3 e4 41. Be5 Ba7 42. Bd4 Bb8 43. b6 Kc8 44. Be5 Bxe5 45. Kxe5 f4 46. Kxe4
fxg3 47. hxg3 Kb7 48. Kf5 Kxb6 49. Kxg5 1-0

[Event "Scottish International Open"]
[Site "Edinburgh, Scotland"]
[Date "2015.07.13"]
[Round "3"]
[White "Tramontano, Fulvio"]
[Black "Brown, Gerry"]
[Result "0-1"]
[WhiteElo "1325"]
[BlackElo "1468"]
[PlyCount "84"]
[EventDate "2015.??.??"]
[Source "ChessScotland"]
[SourceDate "2015.07.19"]

1. e4 c5 2. Nf3 d6 3. Bb5+ Bd7 4. Bxd7+ Nxd7 5. O-O Ngf6 6. Nc3 e6 7. d3 Be7 8.
Be3 O-O 9. Qd2 a6 10. a4 Qc7 11. Bf4 Rfd8 12. Rfb1 Rac8 13. Ne1 Nf8 14. b4 cxb4
15. Na2 a5 16. Rb3 Ng6 17. c3 Nxf4 18. Qxf4 bxc3 19. Rxc3 Qb8 20. Rb3 Nd7 21.
Rb5 Rc5 22. Rab1 Rxb5 23. Rxb5 b6 24. Nf3 Rc8 25. Rb2 Nc5 26. Qe3 Nxa4 27. Rb1
b5 28. Qd2 b4 29. Nxb4 axb4 30. Rxb4 Nb6 31. Qe3 Bd8 32. g3 Qc7 33. Rb1 Nd7 34.
Kg2 h6 35. h4 Nf6 36. Nh2 Be7 37. Ra1 Qc5 38. Qd2 Qc3 39. Qd1 d5 40. exd5 Nxd5
41. Nf3 Qc2 42. Qf1 Ne3+ 0-1

[Event "Scottish International Open"]
[Site "Edinburgh, Scotland"]
[Date "2015.07.13"]
[Round "3"]
[White "Wilson, Donald"]
[Black "Gray, Euan"]
[Result "0-1"]
[WhiteElo "1514"]
[BlackElo "1629"]
[PlyCount "54"]
[EventDate "2015.??.??"]
[Source "ChessScotland"]
[SourceDate "2015.07.19"]

1. d4 f5 2. c4 e6 3. Nf3 Nf6 4. Nc3 Be7 5. e3 d6 6. Bd3 O-O 7. O-O Qe8 8. a3 a5
9. Nb5 Bd8 10. Bd2 Nc6 11. Bc2 Qh5 12. h3 h6 13. Nh2 Qf7 14. Nc3 e5 15. d5 Ne7
16. e4 f4 17. f3 Qg6 18. Be1 Bxh3 19. Qe2 Bd7 20. Bh4 Kh7 21. Kh1 Nh5 22. Ng4
Ng3+ 23. Bxg3 fxg3 24. Rfc1 Qh5+ 25. Kg1 Bxg4 26. Qe3 Qh2+ 27. Kf1 Bxf3 0-1

[Event "Scottish International Open"]
[Site "Edinburgh, Scotland"]
[Date "2015.07.14"]
[Round "4"]
[White "Van den Doel, Erik"]
[Black "Farago, Ivan"]
[Result "1-0"]
[WhiteElo "2564"]
[BlackElo "2417"]
[PlyCount "69"]
[EventDate "2015.??.??"]
[Source "ChessScotland"]
[SourceDate "2015.07.19"]
[WhiteClock "0:09:28"]
[BlackClock "0:26:28"]

1. e4 e6 2. d4 d5 3. Nd2 Be7 4. e5 c5 5. c3 Nc6 6. Bd3 f5 7. Ndf3 cxd4 8. cxd4
Qa5+ 9. Kf1 Bd7 10. Ne2 Qb6 11. h3 O-O-O 12. Nc3 Kb8 13. Na4 Qa5 14. a3 Nxd4
15. Nxd4 Bxa4 16. Bd2 Qa6 17. Bxa6 Bxd1 18. Bd3 Ba4 19. Nxe6 g6 20. Nxd8 Bxd8
21. g4 Ne7 22. gxf5 Nxf5 23. Bxf5 gxf5 24. Rg1 Bb5+ 25. Kg2 d4 26. Kf3 Bc6+ 27.
Kf4 Be4 28. f3 Bd3 29. Bb4 h6 30. Bd6+ Kc8 31. e6 Bg5+ 32. Ke5 Bc2 33. f4 Bd8
34. Rac1 d3 35. Rgd1 1-0

[Event "Scottish International Open"]
[Site "Edinburgh, Scotland"]
[Date "2015.07.14"]
[Round "4"]
[White "Pritchett, Craig William"]
[Black "Aagaard, Jacob"]
[Result "1/2-1/2"]
[WhiteElo "2324"]
[BlackElo "2506"]
[PlyCount "62"]
[EventDate "2015.??.??"]
[Source "ChessScotland"]
[SourceDate "2015.07.19"]
[WhiteClock "0:04:16"]
[BlackClock "0:03:37"]

1. c4 c6 2. Nf3 d5 3. e3 Nf6 4. Nc3 Bg4 5. Qb3 Qb6 6. Ne5 Bf5 7. d4 Nbd7 8.
Nxd7 Bxd7 9. Bd3 e6 10. Bd2 dxc4 11. Bxc4 Bd6 12. O-O Qc7 13. f4 a6 14. a4 c5
15. dxc5 Bxc5 16. Kh1 O-O 17. Rae1 Rad8 18. Bc1 Bc6 19. e4 Qe7 20. Nd5 exd5 21.
exd5 Ne4 22. dxc6 bxc6 23. Be3 Bb4 24. Rd1 a5 25. Bd3 Nc5 26. Bxc5 Qxc5 27. Qc2
Qxc2 28. Bxc2 c5 29. Rxd8 Rxd8 30. Rd1 Re8 31. Bd3 Re1+ 1/2-1/2

[Event "Scottish International Open"]
[Site "Edinburgh, Scotland"]
[Date "2015.07.14"]
[Round "4"]
[White "McNab, Colin Anderson"]
[Black "Sreeves, Clement"]
[Result "1-0"]
[WhiteElo "2443"]
[BlackElo "2333"]
[PlyCount "141"]
[EventDate "2015.??.??"]
[Source "ChessScotland"]
[SourceDate "2015.07.19"]
[WhiteClock "0:09:08"]
[BlackClock "0:03:52"]

1. c4 g6 2. g3 Bg7 3. Bg2 c5 4. Nc3 Nc6 5. d3 e6 6. Nh3 Nge7 7. Nf4 O-O 8. O-O
b6 9. a3 Bb7 10. Bd2 d6 11. b4 Qd7 12. Rb1 Nd4 13. e3 Bxg2 14. Kxg2 Qb7+ 15. f3
Ndc6 16. Qe2 Rfd8 17. b5 Nb8 18. e4 Nd7 19. a4 a5 20. Nd1 Nf6 21. Bc3 d5 22.
Re1 dxc4 23. dxc4 Rd7 24. Nd3 Rad8 25. Ne5 Rc7 26. Nf2 Ne8 27. Rbd1 Rxd1 28.
Rxd1 f6 29. Neg4 Rd7 30. e5 fxe5 31. Bxe5 Rxd1 32. Qxd1 Bxe5 33. Nxe5 Qc7 34.
Qe2 Nf5 35. Qe4 Nf6 36. Qa8+ Kg7 37. f4 Nd4 38. h4 Nf5 39. Qc6 Qxc6+ 40. bxc6
Ne8 41. Ne4 Nc7 42. g4 Nxh4+ 43. Kg3 g5 44. Nxg5 Ng6 45. Nd7 Ne7 46. Nxb6 Nxc6
47. Nd7 h6 48. Ne4 Na6 49. Ndxc5 Nxc5 50. Nxc5 Kf6 51. Nd7+ Ke7 52. Ne5 Nd4 53.
Kf2 Kd6 54. Nd3 Nc2 55. g5 hxg5 56. fxg5 Nd4 57. Ke3 Nf5+ 58. Kf4 Nd4 59. g6
Nf5 60. Kg5 Ne7 61. Kf6 Ng8+ 62. Kg5 e5 63. c5+ Kd5 64. c6 Kxc6 65. Nxe5+ Kc5
66. Ng4 Kb4 67. Nh6 Ne7 68. g7 Kxa4 69. Kf6 Ng8+ 70. Nxg8 Kb4 71. Ne7 1-0

[Event "Scottish International Open"]
[Site "Edinburgh, Scotland"]
[Date "2015.07.14"]
[Round "4"]
[White "Tate, Alan"]
[Black "Green, Andrew D"]
[Result "0-1"]
[WhiteElo "2335"]
[BlackElo "2173"]
[PlyCount "80"]
[EventDate "2015.??.??"]
[Source "ChessScotland"]
[SourceDate "2015.07.19"]
[WhiteClock "0:00:54"]
[BlackClock "0:01:52"]

1. Nf3 Nf6 2. c4 b6 3. d4 Bb7 4. g3 g6 5. Bg2 Bg7 6. O-O O-O 7. d5 Ne4 8. Qc2
f5 9. Nbd2 Nd6 10. e4 fxe4 11. Nxe4 Nxe4 12. Qxe4 e6 13. Bg5 Bf6 14. Bxf6 Qxf6
15. Ne5 Qg7 16. Rfe1 Na6 17. Qg4 Rf5 18. Nd3 exd5 19. cxd5 Nc5 20. Qc4 Ba6 21.
Qh4 Nxd3 22. Re7 Rf7 23. d6 Rxe7 24. dxe7 Re8 25. Qa4 Nc5 26. Bd5+ Kh8 27. Qf4
Qxe7 28. Bf7 Nd3 29. Qd4+ Qe5 30. Qh4 Rf8 31. Bxg6 Qg7 32. Be4 Nxf2 33. Bg2 Nd3
34. Rf1 Nc5 35. Rxf8+ Qxf8 36. Qd4+ Qg7 37. Qh4 Ne6 38. Be4 Qd4+ 39. Kg2 Qxb2+
40. Kh3 Bf1+ 0-1

[Event "Scottish International Open"]
[Site "Edinburgh, Scotland"]
[Date "2015.07.14"]
[Round "4"]
[White "Lapidus, Mark"]
[Black "MacQueen, Calum"]
[Result "1/2-1/2"]
[WhiteElo "2202"]
[BlackElo "2232"]
[PlyCount "72"]
[EventDate "2015.??.??"]
[Source "ChessScotland"]
[SourceDate "2015.07.19"]
[WhiteClock "0:06:12"]
[BlackClock "0:12:55"]

1. d4 Nf6 2. c4 g6 3. Nc3 Bg7 4. e4 d6 5. Be2 O-O 6. Bg5 Na6 7. Qd2 e5 8. d5
Nc5 9. f3 a5 10. h4 Qe8 11. g4 h5 12. Bxf6 Bxf6 13. gxh5 Kg7 14. h6+ Kh7 15. h5
Qe7 16. hxg6+ fxg6 17. Nh3 Bd7 18. Kd1 Na6 19. a3 Bxh3 20. Rxh3 Bg5 21. Qe1 Nc5
22. Kc2 a4 23. Qg3 Be3 24. Re1 c6 25. Bd1 Bf4 26. Qg4 Rab8 27. Re2 Qf7 28. Kb1
b5 29. dxc6 Qxc4 30. Rg2 Rg8 31. Be2 Qb3 32. Bd1 Qc4 33. Be2 Qb3 34. Nd5 Nd3
35. Bxd3 Qxd3+ 36. Ka2 Qb3+ 1/2-1/2